000
00207 a2200097 4500
001
11269
100
_a
Parsons, A.
245
_a
The pride and the fall
260
_a
_b
Jonathan Cape
_c
090
_c
8821
_d
8821
942
_a
NUST-CAE
_c
M
_c
35624
999
_c
246342
_d
246342